Score 0/40 Timer 06:00
0 Plays Today
Hint 4-Letter Word % Correct
👓 Conceal from view 👓👓 HIDE 👓
96.8%
Skeleton partBONE
94%
Prepare a hot mealCOOK
91.4%
Fired a pistolSHOT
90.4%
Traffic ticket feeFINE
88.1%
Metallic currencyCOIN
87.4%
Tie tightly togetherBIND
85.2%
Chicken group homeCOOP
84%
A clueHINT
83.5%
BOND
77.8%
Attractive, strong manHUNK
77.5%
Coagulated blood CLOT
76.3%
FIDE
75.3%
Calf flesh as meatVEAL
74.1%
👓 FIND 👓
74%
Security deviceLOCK
72.3%
COON
71.8%
👓 LOOK 👓
70.6%
Fishing rod partnerREEL
69.6%
ConiferPINE
69.5%
Hint 4-Letter Word % Correct
COOT
68.2%
SLOT
67.5%
👓 HUNT 👓
67.5%
👓 Quick glance 👓👓 PEEK 👓
66.8%
PONE
63.5%
PINT
59.5%
REAL
59%
PEEL
56.2%
American truck brandMACK
50.7%
MOCK
47.1%
CHOP
47%
Furry Chinese dogCHOW
47%
Strong glandular odorMUSK
46.9%
👓 SHOW 👓
44.4%
HUSK
43.9%
👓 MASK 👓
38.4%
👓 SEEK 👓
38%
COIL
29.6%
👓 VEIL 👓
24.1%
To furnish a roofCEIL
23.1%

Today's Daily Dose

Remove Ads.
Support Sporcle.
Get the best of Sporcle when you Go Orange. This ad-free experience offers more features, more stats, and more fun while also helping to support Sporcle. Thank you for becoming a member.

You're not logged in!

Compare scores with friends on all Sporcle quizzes.
OR
Log In

Show Comments

Extras

Top Quizzes Today


Score Distribution

Your Account Isn't Verified!

In order to create a playlist on Sporcle, you need to verify the email address you used during registration. Go to your Sporcle Settings to finish the process.

Report this User

Report this user for behavior that violates our Community Guidelines.

Details: